Quiz sur les Palaos - Statistiques

Statistiques générales
  • Ce quiz a été pris 2 350 fois
  • Le résultat moyen est 10 sur 16
Statistiques - réponses
Question Réponse % Correct
Langues officielles Anglais
93%
Région d'Océanie à laquelle les Palaos appartiennent {Micro}nésie
90%
Pays qui les a occupées à partir de 1914 et jusqu'en 1944 Japon
84%
Devise monétaire Dollar
81%
Pays auquel les Palaos appartenaient jusqu'à leur indépendance en 1994 États-Unis
81%
Pays qui a colonisé les Palaos entre 1574 et 1898 Espagne
76%
Pays qui a acheté ces îles, avant de les perdre en 1914 Allemagne
71%
Pays le plus proche, situé à 276 kilomètres des Palaos Indonésie
71%
55% de la population paluane est _____ - seul Nauru fait pire Obèse
68%
En 2009, les Palaos ont créé le premier sanctuaire protégeant cet animal marin Requin
66%
Capitale nationale Ngerulmud
57%
Mer dans laquelle les Palaos se situent Mer des {Philippines}
54%
Un lac des Palaos abrite 10 millions de ces créatures marines inoffensives, alors qu'elles sont plutôt dangereuses ailleurs Méduses
53%
Langues officielles Paluan
50%
Traité par lequel les Palaos délèguent, encore aujourd'hui, un certain contrôle sur leur souveraineté à ce pays Traité de Libre-{Association}
24%
Île la plus peuplée et plus grande ville Koror
19%
Aucun quiz correspondant
Distribution des résultats
% des personnes avec chaque résultat
Percentile par nombre de réponses
Votre historique - résultats
Vous n’avez pas pris ce quiz